Catalog

Record Details

Catalog Search



Record details

  • ISBN: 9781453816905 (pbk.)
  • ISBN: 1453816909 (pbk.)
  • Physical Description: 390 p. ; 23 cm.
  • Edition: 2nd pbk. ed.
  • Publisher: [Charleston, S.C. : CreateSpace], c2010.

Content descriptions

General Note:
Sequel to: Fate.
Summary, etc.:
Being undead doesn't make life any easier for ... Read More
Subject: Vampires > Fiction.
LDR 01285cam a2200313Ia 4500
001129597
003LARL_NWRL_CONSORTIUM
00520161228182154.0
008101111s2010 scu d 000 1 eng d
020 . ‡a9781453816905 (pbk.)
020 . ‡a1453816909 (pbk.)
035 . ‡a(OCoLC)680492881
08204. ‡a[Fic]
1001 . ‡aHocking, Amanda. ‡0(LARL_NWRL_CONSORTIUM)220983
24510. ‡aFlutter ‡n#3 / ‡cby Amanda Hocking.
250 . ‡a2nd pbk. ed.
260 . ‡a[Charleston, S.C. : ‡bCreateSpace], ‡cc2010.
300 . ‡a390 p. ; ‡c23 cm.
4900 . ‡aMy blood approves ; ‡vbk. 3
500 . ‡aSequel to: Fate.
520 . ‡aBeing undead doesn't make life any easier for Alice Bonham. Her younger brother's love life is heating up, while hers is-- more complicated. Alice volunteers for a rescue mission with Ezra. But going up against a pack of rabid vampires might be too much, even for him.
650 0. ‡aVampires ‡vFiction. ‡0(LARL_NWRL_CONSORTIUM)167805
901 . ‡a129597 ‡bOCLC ‡c129597 ‡tbiblio

Additional Resources